Report of the Municipal Finance Enquiry Committee (Record no. 393596)

000 -LEADER
fixed length control field 00523cam a22001457a 4500
008 - FIXED-LENGTH DATA ELEMENTS--GENERAL INFORMATION
fixed length control field 180718b1975 xxu||||| |||| 00| 0 eng d
082 ## - DEWEY DECIMAL CLASSIFICATION NUMBER
Classification number Lmx5444
100 ## - MAIN ENTRY--PERSONAL NAME
Personal name Municipal Finance Enquiry Committee
245 ## - TITLE STATEMENT
Title Report of the Municipal Finance Enquiry Committee
Statement of responsibility, etc. by Municipal Finance Enquiry Committee
260 ## - PUBLICATION, DISTRIBUTION, ETC.
Place of publication, distribution, etc. Bangalore
Name of publisher, distributor, etc. Government Of TamilNadu
Date of publication, distribution, etc. 1975
300 ## - PHYSICAL DESCRIPTION
Extent 681p.
500 ## - GENERAL NOTE
General note Chairman: M. Mallikarjun Kharge
650 ## - SUBJECT ADDED ENTRY--TOPICAL TERM
Topical term or geographic name entry element Municipal finance --India --Karnataka.
700 ## - ADDED ENTRY--PERSONAL NAME
Personal name Mallikarjun, Kharge M. (Chairman)
Holdings
Withdrawn status Lost status Damaged status Not for loan Permanent Location Current Location Date acquired Full call number Barcode Date last seen Price effective from Koha item type
        Indian Institute of Public Administration Indian Institute of Public Administration 2009-03-17 Lmx5444 D1743 2018-07-21 2018-07-21 D

Powered by Koha